Представление документа в формате MARC21

Поле Инд. ПП Название Значение
Тип записи a
Библиографический уровень b
001 Контрольный номер RU/IS/BASE/127935921
005 Дата корректировки 20200522190750.3
084 a Индекс другой классификации/Индекс ББК 65.011.15
100 1_ a Автор Зуев А. Г.
q Полное имя Зуев Андрей Георгиевич
245 a Заглавие Интеллектуальный капитал
520 a Аннотация "Независимо от того, какими материальными ресурсами обладает система, сами по себе они не приумножаются. И государство, и фирма развиваются энергией и интеллектом составляющих их людей"
650 a Основная рубрика экономика
a Основная рубрика экономическая теория
653 a Ключевые слова государственная поддержка
a Ключевые слова иерархическое управление
a Ключевые слова инвестиции
a Ключевые слова интеллектуальный капитал
a Ключевые слова Россия
a Ключевые слова рыночная экономика
a Ключевые слова социально-экономическое развитие
a Ключевые слова США
a Ключевые слова управление
a Ключевые слова уровень образования
a Ключевые слова человеческие ресурсы
700 a Автор Мясникова Л. А.
q Полное имя Мясникова Людмила Анатольевна
773 t Заглавие источника РИСК: ресурсы, информация, снабжение, конкуренция
d Дата издания источника 2002
g Прочая информация № 4. - С. 4 - 13 : табл., рис.
w Контрольный № источника RU/IS/BASE/114871404
901 t Тип документа b